Didaktické previerky z chémie pre 7. ročník ZŠ

Podrobná bibliografia
Hlavní autori: Musilová, Emilie, 1939- (Autor), Adamkovič, Emil, 1941- (Autor), Černá, Břetislava (Autor)
Médium: Kniha
Jazyk:slovenčina
Fyzický popis:44 s. Tb. 29 cm
Vydavateľské údaje: Bratislava Krajský pedagogický ústav 1989
ISBN:8085185008
Vydanie:1., vyd.
Predmet:

MARC

LEADER 00000nam a2200000 a 4500
001 vtls001060547
003 SK-MaSNL
005 20260301232625.0
008 250225s1989 xo a d p 000 0 slo
015 |a SNBA1990/03 
020 |a 8085185008 
035 |a SNK000003375 
035 |a urn:nbn:sk:snk-amlpo1 
035 |a urn:nbn:sk:snk-am00c0rz 
035 |a 2F993904-5CAF-4260-9F06-BF6426A294F9 
040 |a SNK  |b slo  |c SNK  |e AACR2 
041 0 |a slo 
044 |a xo  |c SK 
080 |a 372.854(076)  |2 1981 
100 1 |a Musilová, Emilie,  |d 1939-  |4 aut  |9 101146 
245 1 0 |a Didaktické previerky z chémie pre 7. ročník ZŠ  |c Emilie Musilová, Emil Adamkovič, Břetislava Černá 
250 |a 1., vyd. 
260 |a Bratislava  |b Krajský pedagogický ústav  |c 1989  |e Bratislava  |f Krajský pedagogický ústav 
300 |a 44 s.  |b Tb.  |c 29 cm 
366 |e 600 výtl. 
500 |a Pre vnútornú potrebu zákl. škôl Zs. kraja. Rozmn. 
650 0 7 |a chémia  |2 SNKPH  |9 749 
650 0 7 |a didaktické testy  |2 SNKPH  |9 4108 
655 7 |a učebnice základných škôl  |2 SNKPH  |9 70187 
700 1 |a Adamkovič, Emil,  |d 1941-  |4 aut  |9 207145 
700 1 |a Černá, Břetislava  |4 aut  |9 60381 
919 |a 80-85185-00-8 
958 |a EUIPO 
958 |a OND 
958 0 7 |a BQ 
958 0 7 |a UX 
958 0 7 |a RM 
999 |c 962024  |d 963954 
952 |a SNK  |b SNK  |y VYP  |7 0  |p 17A1102570  |o snkSB 46041 D1  |i snk2014/473  |8 5  |0 0  |1 0  |4 0  |d 2014-01-15  |l 0  |r 2026-02-24 10:23:30  |w 2026-02-24 
952 |a SNK  |b SNK  |y PREZ  |7 0  |p 17A0463614  |o snkSB 46041  |i snkKSP 1072/90  |0 0  |1 0  |4 0  |d 2006-02-23  |f 1  |l 0  |r 2025-01-31 00:00:00  |w 2026-02-24